00550nam a2200157Ia 4500008004100000082001800041100001500059245003500074260004600109300000900155630001800164650006900182942000900251952011500260999001700375211109s9999||||xx |||||||||||||| ||und|| a530.12bATK-M aR H, Atkin 0aMathematics and Wave Mechanics bHeinemann Educational BooksaLondonc1964 a348p xGeneral Stack aWave mechanicsvMathematical physics Quantum theoryxMathematics cBOOK 00104070aSBCLbSBCLc2d2021-11-09g50.00l0o530.12 ATK-Mp00029499r2021-11-09 00:00:00w2021-11-09yBOOK c28668d28668